|
|
|
|
| LEADER |
00000nam0a2200000 4500 |
| 001 |
84289 |
| 005 |
20231031100530.0 |
| 010 |
|
|
|a 5892822338
|
| 010 |
|
|
|a 5-93675-096-5
|
| 035 |
|
|
|a (RuTPU)RU\TPU\book\90610
|
| 090 |
|
|
|a 84289
|
| 100 |
|
|
|a 20051027d2005 k y0rusy50 ca
|
| 101 |
0 |
|
|a rus
|
| 102 |
|
|
|a RU
|
| 105 |
|
|
|a y z 001zy
|
| 200 |
1 |
|
|a Реформа в Исламе. Быть или не быть? Опыт системного и социокультурного исследования
|f З. И. Левин
|g Институт востоковедения
|
| 210 |
|
|
|a Москва
|c Крафт+
|d 2005
|
| 215 |
|
|
|a 231 с.
|
| 320 |
|
|
|a Библиогр.: с. 219-227
|
| 320 |
|
|
|a Указатель имен: с. 228-231
|
| 610 |
1 |
|
|a ислам
|
| 610 |
1 |
|
|a реформирование
|
| 610 |
1 |
|
|a религиозный фундаментализм
|
| 610 |
1 |
|
|a мусульманское реформаторство
|
| 610 |
1 |
|
|a реформаторский салафизм
|
| 610 |
1 |
|
|a салафиты-реформаторы
|
| 610 |
1 |
|
|a мусульманство
|
| 610 |
1 |
|
|a традиционалисты
|
| 610 |
1 |
|
|a салафиты-возрожденцы
|
| 610 |
1 |
|
|a таухид
|
| 610 |
1 |
|
|a иджтихад
|
| 686 |
|
|
|a Э38
|v LBC/SL-A
|2 rubbk
|
| 700 |
|
1 |
|a Левин
|b З. И.
|
| 712 |
0 |
2 |
|a Российская академия наук (РАН)
|b Институт востоковедения (ИВ)
|c (Москва)
|2 stltpush
|3 (RuTPU)RU\TPU\col\106
|
| 801 |
|
1 |
|a RU
|b 63413507
|c 20051027
|g PSBO
|
| 801 |
|
2 |
|a RU
|b 63413507
|c 20080630
|g PSBO
|
| 942 |
|
|
|c BK
|
| 959 |
|
|
|a 84/20051019
|d 1
|e 159,72
|f ЧЗГЛ:1
|